Akahiko to Araragi no rekishi/

Saved in:
Bibliographic Details
Format: Book
Language:Japanese
Published: Tōkyō : Kyōiku shuppan sentā, 1975.
Series:Kenkyū sōsho (Kyōiku Shuppan Sentā) ; 4.
Subjects:
Tags: Add Tag
No Tags, Be the first to tag this record!
LEADER 01264nam a2200313 a 4500
001 007717064-4
005 20030311151619.0
008 970129s1975 ja af 000 0 jpn d
035 0 |a ocm36357159 
035 0 |a ocm36357159  |z ocm33554809 
040 |a CtY  |c CtY  |d *YNH*  |d CStRLIN 
050 1 4 |a PL816.H53  |b Z57 
245 0 0 |6 880-01  |a Akahiko to Araragi no rekishi/  |c Shimagi Akahiko kenkyūkai hen. 
260 |6 880-02  |a Tōkyō :  |b Kyōiku shuppan sentā,  |c 1975. 
300 |a 344 p., [1] leaf of plates :  |b ill. ;  |c 22 cm. 
490 1 |6 880-03  |a Kenkyū sōsho ;  |v 4 
600 1 0 |6 880-04  |a Shimagi, Akahiko,  |d 1876-1926  |x Friends and associates. 
600 1 0 |6 880-05  |a Shimagi, Akahiko,  |d 1876-1926  |x Contemporaries. 
650 0 |a Araragi. 
650 0 |a Waka  |x History and criticism. 
880 0 0 |6 245-01  |a 赤彦とアララギの歴史/  |c 島木赤彦研究会編. 
880 |6 260-02  |a 東京 :  |b 教育出版センタ-,  |c 1975. 
880 1 |6 490-03  |a 研究叢書;  |v 4 
880 1 0 |6 600-04  |a 島木赤彦,  |d 1876-1926  |x Friends and associates. 
880 1 0 |6 600-05  |a 島木赤彦,  |d 1876-1926  |x Contemporaries. 
830 0 |6 880-06  |a Kenkyū sōsho (Kyōiku Shuppan Sentā) ;  |v 4. 
880 0 |6 830-06  |a 研究叢書 (Kyōiku Shuppan Sentā) ;  |v 4 
988 |a 20021220 
906 |0 OCLC